000 01625nam a2200229Ia 4500
003 Ost
005 20260507075258.0
008 260507s9999||||xx |||||||||||||| ||und||
020 _a7973703977
040 _cfsecg
041 _aara
082 _a330
100 _aمحمود حسين، وجدي
_eمؤلف
245 0 _aاقتصاديات العالم الاسلامي :
_bالواقع و المرتجى /
_c وجدي محمود حسين
260 _aالاسكندرية:
_bمنشأة المعارف,
_c1994
300 _a261 صفحة؛
_bإيضاحات ؛
_c24 سم
520 _aتعريف و نطاق العالم الاسلامي مع دراسة الخصائص الأساسية لاقتصادياته و هياكل الانتاج فيه ، اقتصاديات العالم الاسلامي في فترة إزدهاره تاريخيا مع أبرز الامكانيات و الموارد الاقتصادية للعالم الاسلامي و اوضاع و توجهات قطاعات الانتاج الرئيسية في الوطن الاسلامي ، العلاقات الاقتصادية للعالم الاسلامي مع الخارج ، التكامل الاقتصادي بين الدول الاسلامي : ضرورته وواقعه و متطلبات نجاحه ، أركان و دعامات التكامل و التعاون الاقتصادي بين الدول الاسلامية ، التعاون التمويلي بين البلدان الاسلامية .
653 _aالاقتصاد
653 _aالإقتصاد الإسلامي
653 _aالتنمية الإقتصادية
942 _cكتاب
999 _c43767
_d43767